书目信息 |
| 题名: |
自然资源法
|
|
| 作者: | 戚道孟, 主编 | |
| 分册: | ||
| 出版信息: | 北京 中国方正出版社 2005 |
|
| 页数: | 389页 | |
| 开本: | 23cm | |
| 丛书名: | ||
| 单 册: | ||
| 中图分类: | D922.604 | |
| 科图分类: | ||
| 主题词: | 自然资源保护法--Zi Ran Zi Yuan Bao Hu Fa--研究--中国--高等教育--教材 | |
| 电子资源: | ||
| ISBN: | 7-80216-031-6 | |
| 000 | 00871nam0 2200241 450 | |
| 001 | CAL 012005115715 | |
| 005 | 20061123094825.06 | |
| 010 | @a7-80216-031-6@dCNY 35.00 | |
| 099 | @aCAL 012005115715 | |
| 100 | @a20050510d2005 ekmy0chiy0121 ea | |
| 101 | 0 | @achi |
| 102 | @aCN@b110000 | |
| 200 | 1 | @a自然资源法@AZi Ran Zi Yuan Fa@f戚道孟主编@Fqi dao meng zhu bian |
| 210 | @a北京@c中国方正出版社@d2005 | |
| 215 | @a389页@d23cm | |
| 320 | @a有书目 (第386-389页) | |
| 330 | @a本书中对自然资源法及其基本原则和法律体系进行了清晰的界定,对海洋资源保护法、生物资源保护法和非生物资源保护法等多部重要自然资源保护法进行了介绍。 | |
| 333 | @a高等教育法学教材 | |
| 606 | 0 | @a自然资源保护法@AZi Ran Zi Yuan Bao Hu Fa@x研究@y中国@x高等教育@j教材 |
| 690 | @aD922.604@v4 | |
| 701 | 0 | @a戚道孟,@AQi Dao Meng@f1941-@4主编 |
| 801 | @aCN@c20061123 | |
| 905 | @a10447@dD922.604@eQ005 | |
| 自然资源法/戚道孟主编.-北京:中国方正出版社,2005 |
| 389页;23cm |
| 使用对象:高等教育法学教材 |
| ISBN 7-80216-031-6:CNY 35.00 |
| 本书中对自然资源法及其基本原则和法律体系进行了清晰的界定,对海洋资源保护法、生物资源保护法和非生物资源保护法等多部重要自然资源保护法进行了介绍。 |
| ● |
| 相关链接 |
|
|
|
正题名:自然资源法
索取号:D922.604/Q005
 
预约/预借
| 序号 | 登录号 | 条形码 | 馆藏地/架位号 | 状态 | 备注 |
| 1 | 614417 | 206144171 | 社科库509/509社科库 90排1列3层/ [索取号:D922.604/Q005] | 在馆 | |
| 2 | 614418 | 206144180 | 社科库509/509社科库 90排1列3层/ [索取号:D922.604/Q005] | 在馆 |